000 00724cab a2200229 4500
001 ABS47705
008 090401t1992 xxu||||| |||| 00| 0 eng d
035 _a(Sirsi) u63148
041 _aeng
100 _aMawdsley, J.
245 4 _aThe quarry products industries in a recessionary crisis
260 _c1992
350 _a0
490 _aQuarry Management
_vDecember 1992, 30-31(2)
520 _aAn overview of the quarry products industries in the recession. Provides figures for aggregate production and construction output in the 1970s 1980s, 1990 - 1992.
650 _aAGGREGATES INDUSTRY
650 _aOUTPUT
650 _aRECESSION
690 _aMINING AND MINERALS
942 _n0
948 _c04/03/1997
999 _c39261
_d39261